MARC

LEADER 00000nam0a2200000 4500
001 365896
005 20231102011829.0
035 |a (RuTPU)RU\TPU\retro\23259 
090 |a 365896 
100 |a 20220125d1979 km y0rusy50 ca 
101 0 |a rus 
102 |a UZ 
105 |a a z 001zy 
200 1 |a Метод двойной декомпозиции для идентификации технологических объектов  |f А. А. Гафуров  |g Академия наук Узбекской ССР, Узбекское научно-производственное объединение "Кибернетика" 
210 |a Ташкент  |c Фан  |d 1979 
215 |a 114 с.  |c ил. 
320 |a Библиогр.: с. 111-113 
606 1 |a Автоматизация технологических процессов  |2 stltpush  |3 (RuTPU)RU\TPU\subj\611  |9 29486 
610 1 |a методы 
610 1 |a идентификация 
610 1 |a декомпозиция 
610 1 |a моделирование 
610 1 |a АСУТП 
610 1 |a разработка 
610 1 |a унификация 
610 1 |a математические модели 
675 |a 65.011.56  |v 4 
700 1 |a Гафуров  |b А. А.  |g Акмал Аббасович 
712 0 2 |a Академия наук Узбекской ССР  |b Узбекское научно-производственное объединение "Кибернетика"  |c (Ташкент)  |2 stltpush  |3 (RuTPU)RU\TPU\col\15706  |9 26237 
801 1 |a RU  |b 63413507  |c 20220125 
942 |c BK